| 000 | 01740cam a2200349 a 4500 | ||
|---|---|---|---|
| 001 | 16928447 | ||
| 003 | PILC | ||
| 005 | 20150528140701.0 | ||
| 008 | 110819s2012 nju b 001 0 eng | ||
| 010 | _a 2011034569 | ||
| 020 | _a9780132874403 (hardcover : alk. paper) | ||
| 020 | _a0132874407 (hardcover : alk. paper) | ||
| 035 | _a(OCoLC)ocn748329906 | ||
| 040 |
_aDLC _cDLC _dYDX _dBTCTA _dYDXCP _dBDX _dBWX _dCDX _dDLC |
||
| 042 | _apcc | ||
| 050 | 0 | 0 |
_aHD 58.9 _b.So731 2012 |
| 082 | 0 | 0 | _a658.4/08 |
| 100 | 1 |
_aSoyka, Peter A., _d1958- |
|
| 245 | 1 | 0 |
_aCreating a sustainable organization : _bapproaches for enhancing corporate value through sustainability / _cPeter A. Soyka. |
| 250 | _a1st ed. | ||
| 260 |
_aUpper Saddle River, N.J. : _bFT Press, _c2012. |
||
| 300 |
_axiii, 415 pages ; _c24 cm. |
||
| 500 | _aIncludes bibliographical references and index. | ||
| 505 | 0 | _aIntroduction -- Background and context -- Environmental, social, and governance (ES&G) issues and how they affect the business enterprise -- Stakeholder interests and influences and the social license to operate -- Managing ES&G issues within the organization -- Investors and the power of markets -- Financial impacts of effective (or ineffective) ES&G/sustainability management -- Defining, measuring, and reporting ES&G performance -- Making it happen in your organization -- Bibliography. | |
| 650 | 0 | _aOrganizational effectiveness. | |
| 650 | 0 | _aOrganizational change. | |
| 650 | 0 | _aSustainable development. | |
| 650 | 0 |
_aInvestments _xEnvironmental aspects. |
|
| 906 |
_a7 _bcbc _corignew _d1 _eecip _f20 _gy-gencatlg |
||
| 942 |
_2lcc _cBK _kFOR |
||
| 999 |
_c284485 _d284485 |
||